اثر الباعث غير المشروع في العقود والتصرفات / (رقم التسجيلة. 144037)

تفاصيل مارك
000 -الفاتح
عناصر البيانات ثابتة الطول 00732cam a2200205 i 4500
005 - تاريخ ووقت آخر معاملة
حقل ضبط 20251209120418.0
008 - عناصر البيانات ثابتة الطول
عناصر البيانات ثابتة الطول 250721r2019 ue gr 000 0 ara d
020 ## - الترقيم الدولي المعياري للكتب (ردمك)
الترقيم الدولي المعياري للكتب (ردمك) 9789773366537
082 14 - رقم تصنيف ديوي العشري
رقم التصنيف 216.15
رقم المادة ه ا د
100 1# - مدخل رئيسي – اسم شخصي
الاسم الشخصي الهادي، احمد الهادي
علاقة الشخص بالعمل/ دوره مؤلف.
245 10 - بيان العنوان
العنوان اثر الباعث غير المشروع في العقود والتصرفات /
بيان المسؤولية تاليف دكتور الهادي احمد الهادي.
250 ## - بيان الطبعة
بيان الطبعة الطبعة الاولى.
264 31 - بيانات النشر، التوزيع…إلخ
مكان النشر، التوزيع...إلخ المنصورة :
اسم الناشر، الموزع...إلخ دار اليقين،
تاريخ النشر، التوزيع...إلخ 2019.
300 ## - الوصف المادي
عدد الوحدات المكونة للوعاء 508صفحة.
650 17 - مدخل إضافي بالموضوع - مصطلح موضوعي
مصطلح موضوعي أو اسم جغرافي كعنصر مدخل الفقة الاسلامي.
650 17 - مدخل إضافي بالموضوع - مصطلح موضوعي
مصطلح موضوعي أو اسم جغرافي كعنصر مدخل اصول الفقة.
650 17 - مدخل إضافي بالموضوع - مصطلح موضوعي
مصطلح موضوعي أو اسم جغرافي كعنصر مدخل العقود.
942 ## - بيانات إضافية (كوها)
نوع التنصيف Dewey Decimal Classification
نوع المادة (كوها) كتب
المقتنيات
حالة السحب حالة الفقدان مصدر التصنيف حالة التلف غير قابل للإعارة المكتبة الرئيسية المكتبة الحالية موقع الرف تاريخ التزويد الرقم المتسلسل Total Checkouts رقم الإستدعاء الباركود تاريخ آخر ظهور تاريخ الفاتورة نوع المادة (كوها)
    Dewey Decimal Classification     المكتبة المركزية المكتبة المركزية الإعارة 28/07/2025 1769006   216.15 / ه ا د PLD00501233 28/07/2025 28/07/2025 كتب
Implemented & Customized by: BBB with SCIT (Smart Chains for Information Technology)

Powered by Koha